|
|
|
|
| LEADER |
01646nam a2200457Ia 4500 |
| 001 |
EBC1222419 |
| 003 |
MiAaPQ |
| 005 |
20200520144314.0 |
| 006 |
m o d | |
| 007 |
cr cn||||||||| |
| 008 |
120207s2012 enka sb 001 0 eng d |
| 010 |
|
|
|z 2012005581
|
| 020 |
|
|
|z 0857852019 (cloth)
|
| 020 |
|
|
|z 0857852027 (pbk.)
|
| 020 |
|
|
|z 9780857852014 (cloth)
|
| 020 |
|
|
|z 9780857852021 (pbk.)
|
| 020 |
|
|
|z 9780857852038
|
| 020 |
|
|
|a 0857852043 (electronic bk.)
|
| 020 |
|
|
|a 9780857852045 (electronic bk.)
|
| 035 |
|
|
|a (MiAaPQ)EBC1222419
|
| 035 |
|
|
|a (Au-PeEL)EBL1222419
|
| 035 |
|
|
|a (CaPaEBR)ebr10729351
|
| 035 |
|
|
|a (CaONFJC)MIL615625
|
| 035 |
|
|
|a (OCoLC)854520287
|
| 040 |
|
|
|a MiAaPQ
|c MiAaPQ
|d MiAaPQ
|
| 050 |
|
4 |
|a HF5821
|b .M26 2012
|
| 082 |
0 |
4 |
|a 659.1/042
|2 23
|
| 100 |
1 |
|
|a Malefyt, Timothy de Waal.
|
| 245 |
1 |
0 |
|a Advertising and anthropology
|h [electronic resource] :
|b ethnographic practice and cultural perspectives /
|c Timothy de Waal Malefyt and Robert J. Morais.
|
| 250 |
|
|
|a English ed.
|
| 260 |
|
|
|a London :
|b Berg Publishers,
|c 2012.
|
| 300 |
|
|
|a xiii, 186 p. :
|b ill.
|
| 504 |
|
|
|a Includes bibliographical references and index.
|
| 533 |
|
|
|a Electronic reproduction. Ann Arbor, MI : ProQuest, 2015. Available via World Wide Web. Access may be limited to ProQuest affiliated libraries.
|
| 650 |
|
0 |
|a Advertising
|x Social aspects.
|
| 650 |
|
0 |
|a Anthropology.
|
| 650 |
|
0 |
|a Marketing research.
|
| 655 |
|
4 |
|a Electronic books.
|
| 700 |
1 |
|
|a Morais, Robert J.
|
| 710 |
2 |
|
|a ProQuest (Firm)
|
| 856 |
4 |
0 |
|u https://ebookcentral.proquest.com/lib/matrademy/detail.action?docID=1222419
|z Click to View
|